Magic the Gathering: Zendikar Block Characters - Statistics

General Stats
  • This quiz has been taken 11 times
  • The average score is 15 of 21
Answer Stats
Picture Hint Answer % Correct
Zendikar Chandra Ablaze
100%
Rise of the Eldrazi Emrakul, the Aeons Torn
100%
Worldwake Jace, the Mind Sculptor
100%
Rise of the Eldrazi Kozilek, Butcher of Truth
100%
Zendikar Nissa Revane
100%
Zendikar Sorin Markov
100%
Rise of the Eldrazi Ulamog, the Infinite Gyre
100%
Rise of the Eldrazi Gideon Jura
89%
Zendikar Ob Nixilis, the Fallen
89%
Rise of the Eldrazi Sarkhan the Mad
89%
Rise of the Eldrazi Linvala, Keeper of Silence
78%
Worldwake Omnath, Locus of Mana
78%
Zendikar Iona, Shield of Emeria
67%
Rise of the Eldrazi Drana, Kalastria Bloodchief
56%
Zendikar Kalitas, Bloodchief of Ghet
44%
Worldwake Anowon, the Ruin Sage
33%
Zendikar Lorthos, the Tidemaker
33%
Worldwake Thada Adel, Acquisitor
33%
Worldwake Wrexial, the Risen Deep
33%
Worldwake Kazuul, Tyrant of the Cliffs
22%
Rise of the Eldrazi Tuktuk the Explorer
22%
No matching quizzes found
Score Distribution
Percent of People with Each Score
Percentile by Number Answered
Your Score History
You have not taken this quiz